Numerical methods / (Record no. 42075)

MARC details
000 -LEADER
fixed length control field 00651nam a22001937a 4500
005 - DATE AND TIME OF LATEST TRANSACTION
control field 20100816110715.0
010 ## - LCCN (DPL NO)
LC control number ENG-100486
020 ## - INTERNATIONAL STANDARD BOOK NUMBER
International Standard Book Number 9788190801560
Terms of availability 80.00
035 ## - SYSTEM CONTROL NUMBER
System control number EN-84019
037 ## - SOURCE OF ACQUISITION
Source of stock number/acquisition DBAD/PUB
082 ## - DEWEY DECIMAL CLASSIFICATION NUMBER
Classification number 510
100 ## - MAIN ENTRY--PERSONAL NAME
Personal name Arimuthu, Johnson Sav S.
245 ## - TITLE STATEMENT
Title Numerical methods /
Statement of responsibility, etc by S. Johnson Sav Arimuthu
260 ## - PUBLICATION, DISTRIBUTION, ETC. (IMPRINT)
Place of publication, distribution, etc Chidambram
Name of publisher, distributor, etc Jayapriya Publications
Date of publication, distribution, etc 2008
270 ## - ADDRESS
Address No.113, C-Kothangkudi Street
City Chidambram
Postal code 608001
300 ## - PHYSICAL DESCRIPTION
Extent 148p.
Dimensions 20cm (pbk)
942 ## - ADDED ENTRY ELEMENTS (KOHA)
Source of classification or shelving scheme Dewey Decimal Classification
Item type English Books
Classification part 510
Call number suffix ARI
Holdings
Withdrawn status Lost status Not for loan Collection code Home library Current library Date acquired Source of acquisition Cost, normal purchase price Full call number Barcode Copy number Cost, replacement price Koha item type
    Not For Loan Non-fiction D.B.Act.Division D.B.Act.Division 16/08/2010 DBAD/PUB 80.00 510 ARI EN-84019 1 80.00 English Books

© Delhi Public Library
Hit Counter
free hit counter